Music Quiz

Random Music or Song Quiz

Quick Pick-2 Syllable Songs-2 Quiz Stats

 Plays Quiz not verified by Sporcle

Score 0/19 Timer 01:30
0 Plays Today
% Correct
Jude
91.2%
Lene
86%
Me
80.1%
Day
80.1%
Breed
74.3%
Dy
74.3%
Man
73.5%
Stock
73.5%
Gone
73.5%
Hurts
71.3%
% Correct
Gie
68.4%
Bird
64.7%
Down
64.7%
On
63.2%
Grange
63.2%
Thing
61.8%
Love
60.3%
Streak
58.8%
Teen
56.6%

You're not logged in!

Compare scores with friends on all Sporcle quizzes.
OR
Log In

Sporcle TV

Today on Sporcle TV


Watch our educational content, quiz creation guides, and fun videos on Sporcle TV.

Show Comments

Extras

Top Quizzes Today


Score Distribution

Your Account Isn't Verified!

In order to create a playlist on Sporcle, you need to verify the email address you used during registration. Go to your Sporcle Settings to finish the process.

Report this User

Report this user for behavior that violates our Community Guidelines.

Details: